Statistics for Guess 10 mexican footballers by image

Click here to take the quiz!

General Stats

  • This quiz has been taken 76 times
  • The average score is 9 of 10

Answer Stats

Answer% Correct
Javier Hernandez/Chicharito
99%
Guillermo Ochoa
96%
Hirving Lozano
89%
Hugo Sánchez
89%
Raul Jiménez
87%
Héctor Herrera
86%
Carlos Vela
84%
Rafael Marquez
81%
Giovani dos Santos
77%
Andres Guardado
70%

Score Distribution

Percentile by Number Answered

Percent of People with Each Score

Your Score History

You have not taken this quiz